| 000 | 00629nam a2200181 i 4500 | ||
|---|---|---|---|
| 001 | 69751 | ||
| 003 | ES-MaACL | ||
| 005 | 20230906170614.0 | ||
| 007 | t| | ||
| 008 | 040709s1962 sp ||||1| spa d | ||
| 100 | 1 |
_aGarcía González, Aurelio. _954709 |
|
| 245 | 1 | 0 |
_aCompendio de disposiciones fundamentales relativas al Servicio Nacional del Trigo / _cAurelio García González, Basilio Sánchez-Altamuro Vera. |
| 250 | _a1ª ed. | ||
| 260 |
_aMadrid : _b[s.n., _c1962] ( _fGráfs. P. Martínez) |
||
| 300 |
_a641 p. ; _c26 cm. |
||
| 700 | 1 |
_aSánchez-Altamuro Vera, Basilio. _9102451 |
|
| 852 |
_aES-MaACL _jC-21954 _bR.50497 |
||
| 999 |
_c69751 _d69751 |
||